Wszystkie przystanki tramwajowe linii numer 22 we Wrocławiu - Statystyki

Ogólne statystyki
  • Ten quiz został rozwiązany 5 razy
  • Średni wynik to 15 z 25
Statystyki odpowiedzi
Hint Odpowiedź % Poprawnych
5 Bardzka
100%
2 Klimasa
100%
1 Tarnogaj
100%
11 Arkady Capitol
75%
10 Dworzec Główny
75%
8 Hubska ( Dawida )
75%
6 Kamienna
75%
20 Kwiska
75%
25 Pilczyce
75%
7 Prudnicka
75%
3 Tarnogajska
75%
23 Bajana
50%
21 DH Astra
50%
19 Małopanewska
50%
24 Metalowców
50%
15 Młodych Techników
50%
18 Niedźwiedzia
50%
4 Nyska
50%
22 Park Zachodni
50%
17 Wrocław Mikołajów ( Zachodnia )
50%
14 pl. Jana Pawła II
25%
12 pl. Legionów
25%
13 pl. Orląt Lwowskich
25%
9 Puławskiego
25%
16 pl. Strzegmoski
0%
Nie znaleziono quizów pasujących do podanych kryteriów
Rozkład punktacji
Procent ludzi z każdym wynikiem
Percentyl według liczby udzielonych odpowiedzi
Twoja historia wyników
Nie rozwiązałeś tego quizu